000 00662nam a2200229Ia 4500
003 GCL
008 140319s9999 xx 000 0 ara d
040 _aGCL /
_cGCL
082 0 4 _a227.3
_bع ا
100 1 _aعبدالحليم حنفى
245 1 0 _aاسلوب القران فى كشف النفاق /
_cعبدالحليم حنفى
260 _a[S.N] :
_bالهيئة المصرية العامة للكتاب ،
_c1990
300 _a238 ص
490 _a
650 0 4 _aالاسلام
650 0 4 _aالديانات
650 0 4 _aتفاسير
650 0 4 _aالنفاق
650 0 4 _aالمنافقون
650 0 4 _aالقران
942 _2ddc
_cBK
999 _c29208
_d29208